TOP10 PKO Ekstraklasa najdrożsi zawodnicy - Statystyki

Ogólne statystyki
  • Ten quiz został rozwiązany 270 razy
  • Średni wynik to 5 z 10
Statystyki odpowiedzi
Drużyna Narodowość Pozycja Wartośc Zawodnnik % Poprawnych
Legia Polska Bramkarz 5,00 mln € Radosław Majecki
90%
Lech Dania Napastnik 2,50 mln € Christian Gytkjaer
71%
Lech Polska Obrońca 4,25 mln € Robert Gumny
64%
Legia Polska Obrońca/Pomocnik 4,00 mln € Michal Karbownik
61%
Lech Polska Pomocnik 3,00 mln € Kamil Joźwiak
59%
Legia Gruzja Pomocnik 2,00 mln € Valerian Gvilia
54%
Lech Polska Pomocnik 2,50 mln € Filip Marchwinski
35%
Legia Polska Pomocnik 2,00 mln € Pawel Wszolek
32%
Jagiellonia Chorwacja Pomocnik/Napastnik 2,00 mln € Jakov Puljic
15%
Gornik Z. Słowacja Pomocnik 1,75 mln € Roman Prochazka
15%
Nie znaleziono quizów pasujących do podanych kryteriów
Rozkład punktacji
Procent ludzi z każdym wynikiem
Percentyl według liczby udzielonych odpowiedzi
Twoja historia wyników
Nie rozwiązałeś tego quizu